000 00657nam a22002057a 4500
999 _c17864
_d17864
003 OSt
005 20230126154711.0
008 230126b ||||| |||| 00| 0 eng d
040 _c0
082 _aDPer 370.5 M720 June - December 2017 v66 no. 1-7
100 _aBartolay, Oliveth B.
_eauthor.
_947485
245 _aWorld animal day /
_cOliveth B. Bartolay
260 _aPhilippines :
_bPapi Publishers, Inc.,
_cOctober 2017.
300 _avolume 66, page 185.
650 _aAnimal welfare.
_915853
650 _aAnimal rights.
_947486
650 _aAnimal rights movement.
_947487
700 _aBartolay, Oliveth B.
_eauthor.
_947485
942 _2ddc
_cPER